000
00359nam a2200133Ia 4500
008
151001s9999||||xx |||||||||||||| ||und||
100
_a
मंथन
245
_a
प्रज्ञाशोध परीक्षा ई. ३ री
250
_a
4
260
_b
"मंथन ,अमरावती"
260
_c
2023
300
_a
384
365
_b
21
999
_c
999366
_d
999363